000
00176nam a2200097Ia 4500
100
_a
#N/A
942
_c
BK
245
_a
PIC Microcontrollers
260
_b
#N/A
082
_b
20269
999
_c
33355
_d
33355